Sátira /

Сохранить в:
Библиографические подробности
Главный автор: Hodgart, Mathews
Формат: Неизвестно
Язык:Spanish
Опубликовано: España : Ediciones Guadarrama, 1969.
Предметы:
Метки: Добавить метку
Нет меток, Требуется 1-ая метка записи!

MARC

LEADER 000000000a22000000004500
001 003667
041 0 |a spa 
082 0 4 |a 809.7   |b H688s 
100 1 |a Hodgart, Mathews 
245 1 0 |a Sátira /   |c Mathews Hodgart. 
260 1 |a España :   |b Ediciones Guadarrama,   |c 1969. 
300 |a 255 páginas 
650 4 |a SATIRA 
650 4 |a HISTORIA Y CRITICA 
999 |c 10138  |d 10138 
942 |c BK  |h 809.7 H688s  |2 z